000 00610nam a2200169Ia 4500
008 090711s9999 xx 000 0 und d
082 _b56844
100 _aपरांजपे सुरेश / मोने हेमंत
245 _aआकाश दैनंदिनी
260 _c1987
300 _a48
600 _aपरांजपे सुरेश / मोने हेमंत
630 _aआकाश दैनंदिनी
700 _aपरांजपे सुरेश / मोने हेमंत
730 _aआकाश दैनंदिनी
942 _cBOOK
999 _c307828
_d307828